[Event "Sochi Amateur op 6th"]
[Site "Sochi"]
[Date "2019.04.08"]
[Round "3"]
[White "Spirin, Alexandr"]
[Black "Binder, Oleg"]
[Result "1-0"]
[WhiteElo "1775"]
[BlackElo "1601"]
[PlyCount "43"]
[EventDate "2019.04.07"]
[EventType "swiss"]
[EventRounds "9"]
[EventCountry "RUS"]
[SourceTitle "CBM 189 Extra"]
[Source "ChessBase"]
[SourceDate "2019.05.31"]
[SourceVersion "1"]
[SourceVersionDate "2019.05.31"]
[SourceQuality "1"]

1. Nf3 d5 2. b3 e6 3. Bb2 Nf6 4. e3 Be7 5. d4 0-0 6. Nbd2 b6 7. Bd3 c5 8. 0-0 Ba6 9. Bxa6 Nxa6 10. Ne5 Qc7 11. f4 cxd4 12. exd4 Nb4 13. c3 Nc6 14. Rf3 Ne4 15. Nxe4 dxe4 16. Rh3 Nxe5 17. fxe5 Qd8 18. Qh5 h6 19. Qg4 f5 20. exf6 Rxf6 21. Qxe4 Bf8 22. Re1 1-0

[Event "Sochi ChessAmateur op"]
[Site "Sochi"]
[Date "2018.04.06"]
[Round "8"]
[White "Shakuev, Vasily"]
[Black "Binder, Oleg"]
[Result "0-1"]
[WhiteElo "1358"]
[BlackElo "1609"]
[PlyCount "37"]
[EventDate "2018.04.01"]
[EventType "swiss"]
[EventRounds "9"]
[EventCountry "RUS"]
[SourceTitle "CBM 184 Extra"]
[Source "ChessBase"]
[SourceDate "2018.06.28"]
[SourceVersion "1"]
[SourceVersionDate "2018.06.28"]
[SourceQuality "1"]

1. d4 Nf6 2. c4 g6 3. Nf3 d6 4. h3 Bg7 5. Nc3 0-0 6. Bg5 c6 7. e3 Qc7 8. Be2 e6 9. 0-0 b6 10. e4 Nh5 11. Rc1 h6 12. Be3 Qd8 13. Qd2 Kh7 14. Qc2 Bb7 15. Rfd1 Qe7 16. Rd2 Na6 17. a4 Rad8 18. Rcd1 d5 19. e5 0-1

[Event "Sochi ChessAmateur op"]
[Site "Sochi"]
[Date "2018.04.05"]
[Round "7"]
[White "Forostyanaya, Sofiya"]
[Black "Binder, Oleg"]
[Result "1/2-1/2"]
[WhiteElo "1293"]
[BlackElo "1609"]
[PlyCount "86"]
[EventDate "2018.04.01"]
[EventType "swiss"]
[EventRounds "9"]
[EventCountry "RUS"]
[SourceTitle "CBM 184 Extra"]
[Source "ChessBase"]
[SourceDate "2018.06.28"]
[SourceVersion "1"]
[SourceVersionDate "2018.06.28"]
[SourceQuality "1"]

1. e4 e6 2. d4 d5 3. e5 b6 4. Nf3 Ba6 5. Bd3 Bxd3 6. Qxd3 Qd7 7. 0-0 c5 8. c3 Ne7 9. Re1 Nec6 10. Nbd2 Be7 11. Nf1 cxd4 12. Nxd4 Nxd4 13. Qxd4 0-0 14. Qg4 Kh8 15. Ng3 Nc6 16. Nh5 Rg8 17. Qf3 Raf8 18. Bf4 Qd8 19. Rad1 b5 20. b3 Na5 21. Qd3 a6 22. Re3 Bg5 23. Rh3 Bxf4 24. Nxf4 h6 25. Qe3 Qg5 26. Nxd5 Qxe3 27. Nxe3 Rd8 28. Kf1 Nc6 29. f4 b4 30. c4 Nd4 31. Ke1 a5 32. Rd2 Kh7 33. Ng4 Kg6 34. Rhd3 Nc6 35. Kf2 h5 36. Ne3 Rxd3 37. Rxd3 Rd8 38. Rxd8 Nxd8 39. Kf3 Nc6 40. Ke4 f5+ 41. Kd3 Kf7 42. Nc2 Ke7 43. Nd4 Kd7 1/2-1/2

[Event "Sochi ChessAmateur op"]
[Site "Sochi"]
[Date "2018.04.01"]
[Round "1"]
[White "Binder, Oleg"]
[Black "Mamatov, Melis"]
[Result "0-1"]
[WhiteElo "1609"]
[BlackElo "2180"]
[PlyCount "42"]
[EventDate "2018.04.01"]
[EventType "swiss"]
[EventRounds "9"]
[EventCountry "RUS"]
[SourceTitle "CBM 184 Extra"]
[Source "ChessBase"]
[SourceDate "2018.06.28"]
[SourceVersion "1"]
[SourceVersionDate "2018.06.28"]
[SourceQuality "1"]

1. d4 d5 2. Bg5 Bf5 3. e3 Nf6 4. Bd3 e6 5. Bxf5 exf5 6. Nd2 h6 7. Bh4 Bd6 8. Ne2 c6 9. b3 Nbd7 10. c4 0-0 11. c5 Bc7 12. b4 Re8 13. Bg3 Ne4 14. Bxc7 Qxc7 15. 0-0 Ndf6 16. Nxe4 dxe4 17. h3 Nd5 18. Qd2 Rad8 19. Rfd1 Re6 20. Nf4 Nxf4 21. exf4 Re7 0-1